Závislosť hodnotenia herného výkonu futbalistov od ich úrovne motivácie výkonu

Bibliographic Details
Main Author: Gregor, Tomáš, 1949- (Author)
Format: Article
Language:Slovak
PhysicalDescription:Obr. 2, res. angl., nem., lit. 6 zázn. v angl., češ., slov.
Subjects:

MARC

LEADER 00000nab a2200000 a 4500
001 vtls000519414
003 SK-MaSNL
005 20260304090218.0
008 250425c1994 xo 0 slo
015 |a SNBRB19rr/mm-uuuuu 
035 |a CL0519552 
035 |a urn:nbn:sk:snk-aba0nz 
035 |a (urnnbn)urn:nbn:sk:snk:ar-a097u8 
035 |a (uuid)f8be7c6c-adbe-48eb-96bf-22f33b068c3c 
040 |a SNKBUCL  |b slo  |c SNKBUCL  |e AACR2 
041 0 |a slo 
044 |a xo  |c SK 
080 |a 796.332.015:159.95  |2 1981 
080 |a 159.95  |2 1981 
100 1 |a Gregor, Tomáš,  |d 1949-  |4 aut  |9 110770 
245 1 0 |a Závislosť hodnotenia herného výkonu futbalistov od ich úrovne motivácie výkonu  |c Tomáš Gregor 
300 |b Obr. 2, res. angl., nem., lit. 6 zázn. v angl., češ., slov. 
650 0 7 |a futbal  |2 snkbucl  |9 3291 
650 0 7 |a výkon športový  |2 snkbucl  |9 902071 
650 0 7 |a motivácia  |2 snkbucl  |9 1779 
655 7 |a články z novín a časopisov  |2 snkbucl  |9 267496 
773 0 |t Telesná výchova a šport  |g Roč. 4, č. 2 (1994), s. 36-38 
850 |a Slovenská národná knižnica 
852 |a Slovenská národná knižnica 
954 |a odborná, vedecká literatúra pôvodná (slovenská)  |2 lita 
958 |a article13 
958 |a NB 
958 |a RK 
958 |a OND 
958 |a EUIPO 
992 |a RBX 
999 |c 2810716  |d 2812646